Southville International School and Colleges
Your cart is empty.
  • Cart
  • Lists
    Public lists list_1 View all
    Your lists Log in to create your own lists
  • Log in to your account
  • Your cookies
  • Search history
Southville International School and Colleges
  • Advanced search
  • Recent comments
  • Most popular
  • Libraries

Log in to your account

Log in with GOOGLE


If you do not have an external account, but do have a local account, you can still log in:

  1. Home
  2. MARC view: The innocent man :
Normal view MARC view ISBD view

The innocent man : (Record no. 11143)

[ view plain ]
MARC details
000 -LEADER
fixed length control field 01500cam a2200361 a 4500
001 - CONTROL NUMBER
control field 14429890
003 - CONTROL NUMBER IDENTIFIER
control field LC
005 - DATE AND TIME OF LATEST TRANSACTION
control field 20160222142329.0
008 - FIXED-LENGTH DATA ELEMENTS--GENERAL INFORMATION
fixed length control field 060627s2006 nyuaf 000 0deng
010 ## - LIBRARY OF CONGRESS CONTROL NUMBER
LC control number 2006048468
020 ## - INTERNATIONAL STANDARD BOOK NUMBER
International Standard Book Number 0385517238
020 ## - INTERNATIONAL STANDARD BOOK NUMBER
International Standard Book Number 9780385517232
035 ## - SYSTEM CONTROL NUMBER
System control number (OCoLC)ocm70251230
040 ## - CATALOGING SOURCE
Original cataloging agency DLC
Transcribing agency DLC
Modifying agency GK8
-- BAKER
-- GK8
-- OCO
-- WIQ
-- C#P
-- VP@
-- YDXCP
-- DLC
043 ## - GEOGRAPHIC AREA CODE
Geographic area code n-us-ok
050 00 - LIBRARY OF CONGRESS CALL NUMBER
Classification number KF 224.W5535
Item number .G75 2006
082 00 - DEWEY DECIMAL CLASSIFICATION NUMBER
Classification number FIC
Item number G88i 2006
100 1# - MAIN ENTRY--PERSONAL NAME
Personal name Grisham, John.
9 (RLIN) 18260
245 14 - TITLE STATEMENT
Title The innocent man :
Remainder of title murder and injustice in a small town
Statement of responsibility, etc John Grisham.
260 ## - PUBLICATION, DISTRIBUTION, ETC. (IMPRINT)
Place of publication, distribution, etc New York :
Name of publisher, distributor, etc Doubleday,
Date of publication, distribution, etc c2006.
300 ## - PHYSICAL DESCRIPTION
Extent 360 p., [8] p. of plates :
Other physical details ill. ;
Dimensions 25 cm.
600 10 - SUBJECT ADDED ENTRY--PERSONAL NAME
Personal name Williamson, Ronald Keith,
Dates associated with a name 1953-2004
Form subdivision Trials, litigation, etc.
9 (RLIN) 19093
650 #0 - SUBJECT ADDED ENTRY--TOPICAL TERM
Topical term or geographic name as entry element Trials (Murder)
Geographic subdivision Oklahoma.
9 (RLIN) 19094
650 #0 - SUBJECT ADDED ENTRY--TOPICAL TERM
Topical term or geographic name as entry element Judicial error
Geographic subdivision Oklahoma.
9 (RLIN) 19095
650 #0 - SUBJECT ADDED ENTRY--TOPICAL TERM
Topical term or geographic name as entry element Capital punishment
Geographic subdivision Oklahoma.
9 (RLIN) 19096
856 42 - ELECTRONIC LOCATION AND ACCESS
Materials specified Contributor biographical information
Uniform Resource Identifier <a href="http://www.loc.gov/catdir/enhancements/fy0661/2006048468-b.html">http://www.loc.gov/catdir/enhancements/fy0661/2006048468-b.html</a>
856 42 - ELECTRONIC LOCATION AND ACCESS
Materials specified Publisher description
Uniform Resource Identifier <a href="http://www.loc.gov/catdir/enhancements/fy0661/2006048468-d.html">http://www.loc.gov/catdir/enhancements/fy0661/2006048468-d.html</a>
856 41 - ELECTRONIC LOCATION AND ACCESS
Materials specified Sample text
Uniform Resource Identifier <a href="http://www.loc.gov/catdir/enhancements/fy0701/2006048468-s.html">http://www.loc.gov/catdir/enhancements/fy0701/2006048468-s.html</a>
906 ## - LOCAL DATA ELEMENT F, LDF (RLIN)
a 7
b cbc
c orignew
d 1
e ocip
f 20
g y-gencatlg
942 ## - ADDED ENTRY ELEMENTS (KOHA)
Source of classification or shelving scheme Library of Congress Classification
Koha item type Books
Holdings
Withdrawn status Lost status Source of classification or shelving scheme Damaged status Home library Current library Shelving location Date acquired Total Checkouts Full call number Barcode Date last seen Copy number Price effective from Koha item type
    Library of Congress Classification   Luxembourg Library Luxembourg Library Fiction Section 09/13/2013   KF 224.W5535 .G75 2006 14735 09/13/2013 1 09/13/2013 Books

The innocent man :

APA

Grisham J., . (2006). The innocent man. New York: Doubleday.

Chicago

Grisham John, . 2006. The innocent man. New York: Doubleday.

Harvard

Grisham J., . (2006). The innocent man. New York: Doubleday.

MLA

Grisham John, . The innocent man. New York: Doubleday. 2006.

  • Place hold
  • Print
  • Cite
  • Add to your cart (remove)
  • Save record
    BIBTEX Dublin Core MARCXML MARC (non-Unicode/MARC-8) MARC (Unicode/UTF-8) MARC (Unicode/UTF-8, Standard) MODS (XML) RIS
  • More searches
    Search for this title in:
    Other Libraries (WorldCat) Other Databases (Google Scholar) Online Stores (Bookfinder.com) Open Library (openlibrary.org)

Exporting to Dublin Core...

SOUTHVILLE LIBRARY

Southville International School and Colleges Library

1281 Tropical Ave. Cor. Luxembourg St., BF Homes International, Las Pinas City

Tel. No. 8256374 / 252358 Loc. 117/146

Powered by Koha